Orang-utan behavior / (Record no. 2450)

000 -LEADER
fixed length control field nam a22 a 4500
003 - CONTROL NUMBER IDENTIFIER
control field AKMAL
005 - DATE AND TIME OF LATEST TRANSACTION
control field 20170516125328.0
008 - FIXED-LENGTH DATA ELEMENTS--GENERAL INFORMATION
fixed length control field 170516s1980 xxu 00 eng d
040 ## - CATALOGING SOURCE
Original cataloging agency AKMAL
Transcribing agency AKMAL
082 04 - DEWEY DECIMAL CLASSIFICATION NUMBER
Classification number 599.884 MAP
090 ## - LOCALLY ASSIGNED LC-TYPE CALL NUMBER (OCLC); LOCAL CALL NUMBER (RLIN)
Classification number (OCLC) (R) ; Classification number, CALL (RLIN) (NR) 599.884
Local cutter number (OCLC) ; Book number/undivided call number, CALL (RLIN) MAP d
090 2# - LOCALLY ASSIGNED LC-TYPE CALL NUMBER (OCLC); LOCAL CALL NUMBER (RLIN)
Classification number (OCLC) (R) ; Classification number, CALL (RLIN) (NR) 599.884
Local cutter number (OCLC) ; Book number/undivided call number, CALL (RLIN) MAP
100 1# - MAIN ENTRY--PERSONAL NAME
Personal name Maple, Terry
9 (RLIN) 5070
245 1# - TITLE STATEMENT
Title Orang-utan behavior /
Statement of responsibility, etc. Terry L. Maple
260 ## - PUBLICATION, DISTRIBUTION, ETC.
Place of publication, distribution, etc. New York :
Name of publisher, distributor, etc. V.N. Reinhold Co.,
Date of publication, distribution, etc. 1980
300 ## - PHYSICAL DESCRIPTION
Extent xii, 268p., [4]p. of plates :
Other physical details ill.(some col.) ;
Dimensions 24cm
440 ## - SERIES STATEMENT/ADDED ENTRY--TITLE
Title Van Nostrand Reinhold primate behavior and development series
9 (RLIN) 5071
504 ## - BIBLIOGRAPHY, ETC. NOTE
Bibliography, etc. note Bibliography: p.249-259
650 ## - SUBJECT ADDED ENTRY--TOPICAL TERM
Topical term or geographic name entry element Orangutan
General subdivision Behaviour
9 (RLIN) 5072
650 ## - SUBJECT ADDED ENTRY--TOPICAL TERM
Topical term or geographic name entry element Mammals
General subdivision Behaviour
9 (RLIN) 5073
942 ## - ADDED ENTRY ELEMENTS (KOHA)
Source of classification or shelving scheme
Koha item type Book
Holdings
Withdrawn status Lost status Source of classification or shelving scheme Damaged status Not for loan Collection code Home library Current library Date acquired Inventory number Total Checkouts Full call number Barcode Date last seen Price effective from Koha item type
          NON-FICTION AKMAL Melaka AKMAL Melaka 16.05.2017 500272   599.884 MAP 201706772 16.05.2017 16.05.2017 Book
Pusat Sumber Maklumat Dato' Haji Sarmin Md Hussin, Akademi Kastam Diraja Malaysia, Melaka
Tel: 06-2331106 | Faks: 06-2313787